Εθνος, κράτος, εθνικισμός : (21 και 22 Ιανουαρίου 1994).

Αποθηκεύτηκε σε:
Λεπτομέρειες βιβλιογραφικής εγγραφής
Συγγραφή απο Οργανισμό/Αρχή: Εταιρεία Σπουδών Νεοελληνικού Πολιτισμού και Γενικής Παιδείας
Μορφή: Βιβλίο
Γλώσσα:Greek
Δημοσίευση: [Αθήνα] : Εταιρεία Σπουδών Νεοελληνικού Πολιτισμού και Γενικής Παιδείας, [1994]
Θέματα:
Ετικέτες: Προσθήκη ετικέτας
Δεν υπάρχουν, Καταχωρήστε ετικέτα πρώτοι!

MARC

LEADER 00000cam a2200000 i 4500
001 1/46167
008 971209s1994 gr | ||| |||| ||gre||
020 |a 9602590858 
035 |l 10026274 
040 |a GR-MyUa  |b gre  |e AACR2 
041 0 |a gre 
082 7 |a 320.54   |2 (22) 
245 0 0 |a Εθνος, κράτος, εθνικισμός :   |b (21 και 22 Ιανουαρίου 1994). 
260 |a [Αθήνα] :   |b Εταιρεία Σπουδών Νεοελληνικού Πολιτισμού και Γενικής Παιδείας,   |c [1994] 
300 |a 390 σ. 
650 0 0 |a Nationalism. 
650 0 0 |a State, The. 
710 2 |a Εταιρεία Σπουδών Νεοελληνικού Πολιτισμού και Γενικής Παιδείας. 
852 |a INST  |b CHIOS  |e 19971209  |h 320.54 ΕΘΝ  |p 005200010351  |q 005200010351  |t BK  |y 0 
852 |a INST  |b RHODES  |e 20000210  |h 320.54 ΕΘΝ  |p 005400013985  |q 005400013985  |t BK  |y 0 
901 |a BIBL-1997-3 
901 |a BIBL4-2000-1